[Event "Open - 7 Day"]
[Site "Philadelphia"]
[Date "2001.07.04"]
[Round "3"]
[White "Pugh, Lawrence B"]
[Black "Nolan, Gregory M"]
[Result "0-1"]
[WhiteElo "2001"]
[BlackElo "2105"]
[PlyCount "94"]
[EventDate "2001.07"]

1. d4 Nf6 2. c4 e6 3. Nc3 Bb4 4. a3 Bxc3+ 5. bxc3 c5 6. e3 O-O 7. Bd3 Nc6 8.
Ne2 d6 9. Ng3 e5 10. d5 Ne7 11. e4 Ng6 12. O-O a6 13. f4 Ng4 14. Nf5 Nf6 15.
fxe5 dxe5 16. Bg5 Bxf5 17. Rxf5 Qd6 18. Bxf6 gxf6 19. g3 b5 20. Qd2 Ne7 21. Rh5
f5 22. exf5 f6 23. Re1 Rf7 24. Re4 Kh8 25. Reh4 Rg7 26. Qe2 bxc4 27. Bxc4 Rg5
28. Rxg5 fxg5 29. Rh5 h6 30. g4 Ra7 31. Rh3 Ng8 32. Bxa6 Ra8 33. Bc4 Rxa3 34.
Qb2 Ra7 35. Qb5 Ne7 36. Qe8+ Kg7 37. f6+ Qxf6 38. Kg2 Ng6 39. Rg3 Rf7 40. Kh1
Ra7 41. Kg2 Nf4+ 42. Kf2 Re7 43. Qc8 Nd3+ 44. Ke2 Qf2+ 45. Kd1 Qe1+ 46. Kc2
Qe2+ 47. Kb3 Nc1+ 0-1

[Event "Open - 7 Day"]
[Site "Philadelphia"]
[Date "2001.07.04"]
[Round "3"]
[White "Rowley, Robert J"]
[Black "Vovsha, Eli"]
[Result "0-1"]
[WhiteElo "2302"]
[BlackElo "2471"]
[PlyCount "70"]
[EventDate "2001.07"]

1. e4 d6 2. d4 Nf6 3. Nc3 g6 4. Nf3 Bg7 5. Be2 O-O 6. O-O c6 7. h3 Nbd7 8. Be3
Qc7 9. Qd2 b5 10. a3 Bb7 11. Bh6 a6 12. Bxg7 Kxg7 13. Qd3 e5 14. dxe5 dxe5 15.
Rad1 Rfe8 16. Nh4 h6 17. Qg3 Kh7 18. f4 exf4 19. Rxf4 Re7 20. Qf2 Qe5 21. Rxd7
Nxd7 22. Rxf7+ Rxf7 23. Qxf7+ Qg7 24. Qe6 Nf8 25. Qd6 Re8 26. Nf3 Qe7 27. Qg3
c5 28. Bf1 Bxe4 29. Nxe4 Qxe4 30. Qc7+ Qe7 31. Qc6 Qe3+ 32. Kh2 Re6 33. Qb7+
Kg8 34. c4 Qc1 35. Bd3 bxc4 0-1

[Event "Open - 7 Day"]
[Site "Philadelphia"]
[Date "2001.07.04"]
[Round "3"]
[White "Solon, Nathan W"]
[Black "Chak, Mark"]
[Result "1-0"]
[WhiteElo "2219"]
[BlackElo "2000"]
[PlyCount "120"]
[EventDate "2001.07"]

1. d4 d5 2. c4 e6 3. Nc3 f5 4. Nf3 Nf6 5. g3 Be7 6. Bg2 c6 7. O-O O-O 8. b3
Nbd7 9. Bb2 Ne4 10. Ne5 Nxe5 11. dxe5 Nxc3 12. Bxc3 dxc4 13. bxc4 Qxd1 14.
Rfxd1 Rb8 15. a4 f4 16. a5 fxg3 17. hxg3 c5 18. f4 Rd8 19. Rdb1 Rf8 20. Rb2 Bd8
21. Be4 g6 22. Kg2 Rf7 23. e3 b6 24. Kf3 Bb7 25. Bxb7 Rbxb7 26. Rd1 Rbd7 27.
Rbd2 Rxd2 28. Rxd2 Bc7 29. a6 Kf8 30. g4 Ke8 31. Rh2 Kd7 32. Rb2 Kc6 33. e4 Rd7
34. Ke2 Rf7 35. Ke3 h5 36. gxh5 gxh5 37. Rh2 Rh7 38. f5 b5 39. cxb5+ Kxb5 40.
Kf4 h4 41. f6 Bb6 42. Kg5 c4 43. Kg6 Rh8 44. Kg7 Rc8 45. Rxh4 Bc5 46. Rh8 Rxh8
47. Kxh8 Kxa6 48. Kg7 Kb5 49. f7 Ka4 50. Bd4 Bxd4 51. f8=Q Bxe5+ 52. Kf7 a5 53.
Kxe6 Bb2 54. Qb8 c3 55. Kd5 Ka3 56. Kc4 Ka2 57. Qb3+ Kb1 58. Qd1+ Ka2 59. e5 a4
60. e6 a3 1-0

[Event "Under 2000 - 7 Day"]
[Site "Philadephia"]
[Date "2001.07.04"]
[Round "3"]
[White "Vaughn, Allen"]
[Black "Holman, Tim"]
[Result "0-1"]
[WhiteElo "1915"]
[BlackElo "1947"]
[PlyCount "60"]
[EventDate "2001.07.05"]

1. d4 f5 2. Bg5 g6 3. h4 Bg7 4. Nc3 d5 5. Nf3 Be6 6. e3 Nd7 7. Be2 Ngf6 8. Bxf6
Nxf6 9. Ng5 Bg8 10. h5 h6 11. Nh3 g5 12. Bd3 e6 13. Na4 Qd6 14. b3 Bf7 15. Be2
Ne4 16. Qd3 O-O 17. g4 Be8 18. Nb2 Qb4+ 19. Kf1 fxg4 20. Bxg4 Qd6 21. Ke2 c5
22. c4 cxd4 23. exd4 Bd7 24. Qe3 Rae8 25. Nd3 e5 26. Bxd7 exd4 27. Qc1 Qxd7 28.
Kd1 Qg4+ 29. Kc2 Qe2+ 30. Kb1 Nc3+ 0-1

[Event "Open - 7 Day"]
[Site "Philadelphia"]
[Date "2001.07.04"]
[Round "3"]
[White "Vest, David M"]
[Black "Curdo, John A"]
[Result "0-1"]
[WhiteElo "2247"]
[BlackElo "2318"]
[PlyCount "80"]
[EventDate "2001.07"]

1. c4 f5 2. e4 fxe4 3. d3 Nf6 4. Nc3 e5 5. Nxe4 Nc6 6. Nf3 Bb4+ 7. Bd2 Bxd2+ 8.
Qxd2 O-O 9. Qg5 d6 10. Be2 Qe8 11. Nc3 Bg4 12. O-O h6 13. Qe3 Bxf3 14. Bxf3 Nd4
15. Rac1 c6 16. Bd1 Qg6 17. Qg3 Qf5 18. Re1 Rae8 19. Ne4 Nxe4 20. dxe4 Qe6 21.
Bg4 Qe7 22. Bh5 Rd8 23. b4 c5 24. a3 Rf4 25. Rb1 Rdf8 26. Rb2 b6 27. Bd1 Qf7
28. Re3 Qxc4 29. Rc3 Qf7 30. f3 Rxe4 31. bxc5 dxc5 32. a4 Rf4 33. a5 Qc7 34.
axb6 axb6 35. Ra3 Qd6 36. Ra6 Nxf3+ 37. Bxf3 Qd1+ 38. Kf2 Qd4+ 39. Ke1 Qxb2 40.
Ra7 e4 0-1

[Event "Open - 7 Day"]
[Site "Philadelphia"]
[Date "2001.07.05"]
[Round "4"]
[White "Amador, Jorge E"]
[Black "Rowley, Robert J"]
[Result "0-1"]
[WhiteElo "1940"]
[BlackElo "2302"]
[PlyCount "74"]
[EventDate "2001.07"]

1. f4 Nf6 2. Nf3 g6 3. g3 Bg7 4. Bg2 O-O 5. O-O c5 6. d3 Nc6 7. e4 d6 8. Nc3
Bd7 9. h3 Rb8 10. g4 b5 11. Be3 b4 12. Ne2 Ne8 13. c3 bxc3 14. bxc3 Qa5 15. Qc2
Nc7 16. Bd2 Rb6 17. Rab1 Rfb8 18. Rxb6 Qxb6 19. Bc1 Qb1 20. Qxb1 Rxb1 21. Ba3
Rxf1+ 22. Kxf1 Nb5 23. Bb2 Nb4 24. cxb4 Bxb2 25. bxc5 dxc5 26. Ne5 Bxe5 27.
fxe5 a5 28. Kf2 a4 29. Ke3 Be6 30. Nc1 Nc3 31. Kd2 Nxa2 32. Nxa2 Bxa2 33. Kc3
a3 34. Bf1 Be6 35. Be2 g5 36. Bd1 Kf8 37. Bb3 a2 0-1

[Event "Open - 7 Day"]
[Site "Philadelphia"]
[Date "2001.07.05"]
[Round "4"]
[White "Braylovsky, Gregor"]
[Black "Donaldson, W John"]
[Result "1/2-1/2"]
[WhiteElo "2437"]
[BlackElo "2519"]
[PlyCount "26"]
[EventDate "2001.07"]

1. e4 c5 2. Nf3 Nc6 3. Bb5 g6 4. O-O Bg7 5. Re1 Nf6 6. c3 O-O 7. a4 e5 8. Na3
d6 9. d4 exd4 10. Bxc6 bxc6 11. cxd4 cxd4 12. Nxd4 Qb6 13. a5 Qa6 1/2-1/2

[Event "Open - 7 Day"]
[Site "Philadelphia"]
[Date "2001.07.05"]
[Round "4"]
[White "Fernandez, John C"]
[Black "Weeramantry, Sunil"]
[Result "1-0"]
[WhiteElo "2020"]
[BlackElo "2200"]
[PlyCount "119"]
[EventDate "2001.07"]

1. e4 d6 2. d4 Nf6 3. Nc3 g6 4. Be3 c6 5. a4 Bg7 6. h3 O-O 7. Nf3 Nbd7 8. Bc4
Nxe4 9. Bxf7+ Rxf7 10. Nxe4 Nf6 11. Ng3 Nd5 12. Bd2 h6 13. Qc1 Qf8 14. Ra3 Nf4
15. Bxf4 Rxf4 16. Qe3 c5 17. dxc5 d5 18. Qb3 e6 19. O-O Qxc5 20. Qd3 Kf7 21. c3
e5 22. Re1 e4 23. Qd2 Rf6 24. Nd4 Bd7 25. b4 Qd6 26. c4 Re8 27. c5 Qe5 28. Nf3
Qe6 29. Nd4 Qe5 30. Nb5 Bxb5 31. axb5 a6 32. bxa6 Rxa6 33. Rxa6 bxa6 34. Qa2 {
Diagram #} 34... Qc3 35. Qxd5+ Kf8 36. Rxe4 Rxe4 37. Qxe4 Bd4 38. Kh2 Qxb4 39.
Qxg6 Qxc5 40. Qxh6+ Kf7 41. Qxa6 Bxf2 42. Qb7+ Kg8 43. Qb3+ Kg7 44. Qf3 Bxg3+
45. Kxg3 Qe5+ 46. Qf4 Qc3+ 47. Kh2 Qb2 48. h4 Kh7 49. h5 Qb5 50. g4 Qb2+ 51.
Kh3 Qc3+ 52. Qg3 Qf6 53. Qd3+ Kh6 54. Qe3+ Kh7 55. g5 Qd6 56. Qe4+ Kg7 57. h6+
Kf7 58. Kg4 Qb6 59. Qf5+ Ke7 60. h7 1-0

[Event "Open - 7 Day"]
[Site "Philadelphia"]
[Date "2001.07.05"]
[Round "4"]
[White "Hajenius, Willem D"]
[Black "Geist, Mark J"]
[Result "1-0"]
[WhiteElo "2142"]
[BlackElo "2274"]
[PlyCount "59"]
[EventDate "2001.07"]

1. d4 e6 2. c4 f5 3. Nc3 Nf6 4. e4 fxe4 5. f3 exf3 6. Nxf3 d5 7. Bg5 Be7 8. Qb3
c6 9. Bd3 O-O 10. O-O Na6 11. Rae1 Nb4 12. Bb1 dxc4 13. Qxc4 b5 14. Qe2 a5 15.
a3 Nbd5 16. Ne5 Qe8 17. Qd3 g6 18. Bh6 Ba6 19. Qh3 Bc8 20. Ne4 Nxe4 21. Bxe4 {
Diagram #} 21... Rf5 22. g4 Rxf1+ 23. Rxf1 Bd6 24. Qf3 Bb7 25. Nf7 Bf8 26. Bxd5
Bxh6 27. Nxh6+ Kg7 28. Qf6+ Kxh6 29. Rf3 exd5 30. Rh3# 1-0

[Event "Open - 7 Day"]
[Site "Philadelphia"]
[Date "2001.07.05"]
[Round "4"]
[White "Hoekstra, Matthew"]
[Black "D'Onofrio, Lee C"]
[Result "1-0"]
[WhiteElo "2306"]
[BlackElo "1511"]
[PlyCount "57"]
[EventDate "2001.07"]

1. e4 a6 2. d4 e6 3. Nf3 b5 4. Bd3 Bb7 5. O-O c5 6. c3 Nf6 7. Qe2 Nc6 8. d5 Ne7
9. d6 Ng6 10. e5 Bxf3 11. gxf3 Nd5 12. Kh1 Ndf4 13. Bxf4 Nxf4 14. Qe4 Nxd3 15.
Qxd3 g5 16. Nd2 c4 17. Qd4 Bg7 18. Ne4 Rg8 19. Rg1 Bh8 20. Nxg5 Bxe5 21. Qxe5
f6 22. Nxe6 Rxg1+ 23. Rxg1 fxe5 24. Rg8+ Kf7 25. Rxd8 Rxd8 26. Nxd8+ Ke8 27.
Nb7 Kf7 28. Nc5 Ke8 29. Nxa6 1-0

[Event "Open - 7 Day"]
[Site "Philadelphia"]
[Date "2001.07.05"]
[Round "4"]
[White "Mucerino, Joseph J"]
[Black "Gibson, Blake"]
[Result "0-1"]
[WhiteElo "1902"]
[BlackElo "2036"]
[PlyCount "44"]
[EventDate "2001.07"]

1. d4 Nf6 2. Nc3 d5 3. e4 Nxe4 4. Nxe4 dxe4 5. Bc4 Nc6 6. c3 e5 7. d5 Ne7 8.
Be3 Qd6 9. f3 Qg6 10. Qc2 Bf5 11. Qa4+ c6 12. dxc6 bxc6 13. Kf2 Qf6 14. Rd1 h6
15. Bb6 Bd7 16. Rxd7 Kxd7 17. Ne2 Nd5 18. Bxd5 axb6 19. Qxe4 Bc5+ 20. Ke1 cxd5
21. Qxd5+ Kc7 22. Qc4 Qe6 0-1

[Event "Open - 7 Day"]
[Site "Philadelphia"]
[Date "2001.07.05"]
[Round "4"]
[White "Nagle, Sean"]
[Black "Rogers, Norman"]
[Result "0-1"]
[WhiteElo "2285"]
[BlackElo "2323"]
[PlyCount "77"]
[EventDate "2001.07"]

1. d4 Nf6 2. c4 g6 3. Nc3 Bg7 4. Nf3 O-O 5. Bf4 c5 6. d5 d6 7. e4 b5 8. cxb5 a6
9. b6 Nbd7 10. a4 Qxb6 11. Qc2 Rb8 12. Ra2 Qb4 13. Nd2 Ng4 14. Be2 f5 15. Bg5
Ndf6 16. h3 Ne5 17. O-O fxe4 18. Be3 e6 19. Ndxe4 Nxd5 20. Nxd5 exd5 21. Nxd6
d4 22. Bd2 Qb6 23. Nc4 Nxc4 24. Bxc4+ Kh8 25. b3 Bb7 26. Qc1 Qc6 27. f3 Rbe8
28. Rc2 Qd6 29. Bd3 Bxf3 30. gxf3 Qg3+ 31. Kh1 Qxh3+ 32. Kg1 Qg3+ 33. Kh1 Qh3+
34. Kg1 Qg3+ 35. Kh1 Rxf3 36. Bf4 Rxf4 37. Qxf4 Qxd3 38. Rxc5 Qxb3 39. Qf3 0-1

[Event "Open - 7 Day"]
[Site "Philadelphia"]
[Date "2001.07.05"]
[Round "4"]
[White "Nolan, Gregory M"]
[Black "Vest, David M"]
[Result "1-0"]
[WhiteElo "2105"]
[BlackElo "2247"]
[PlyCount "149"]
[EventDate "2001.07"]

1. d4 c5 2. d5 e5 3. c4 d6 4. e4 f5 5. Nc3 Nf6 6. Bd3 f4 7. g3 g5 8. h4 fxg3 9.
fxg3 gxh4 10. Rxh4 Rg8 11. Qf3 Bg4 12. Qf2 Be7 13. Bd2 Na6 14. a3 Qd7 15. Nge2
h5 16. O-O-O O-O-O 17. Rhh1 Rdf8 18. Qg2 Nh7 19. Rdf1 Rxf1+ 20. Qxf1 Rf8 21.
Qe1 Ng5 22. Ng1 Nf3 23. Nxf3 Bxf3 24. Rh2 Qg4 25. Be2 Nc7 26. Be3 Bg5 27. Bxg5
Qxg5+ 28. Kc2 Qe3 29. Kb3 b5 30. Qf1 b4 31. axb4 cxb4 32. Kxb4 Na6+ 33. Kb3
Qb6+ 34. Nb5 Nc5+ 35. Ka2 Qa5+ 36. Na3 Qb4 37. Bd1 Kb7 38. Rf2 Bxd1 39. Rxf8
Qb3+ 40. Kb1 Nd3 41. Qg2 Nb4 42. Qd2 Qa2+ 43. Kc1 Qa1+ 44. Nb1 Na2+ 45. Kxd1
Qxb1+ 46. Ke2 Qxe4+ 47. Kf2 Qxc4 48. Rf7+ Kb6 49. Qe3+ Qc5 50. Qxc5+ Kxc5 51.
Rxa7 Nb4 52. Rh7 Nd3+ 53. Ke3 Nxb2 54. Ke4 Nc4 55. Rc7+ Kb4 56. Rc6 Kc3 57. Rc7
Kb4 58. Kd3 Nb2+ 59. Ke4 Nc4 60. Rh7 Kc5 61. Rxh5 Nb6 62. Rh1 Nd7 63. Rc1+ Kb4
64. Kf5 Nc5 65. g4 Nd3 66. g5 Nxc1 67. g6 Nd3 68. g7 Nc5 69. g8=Q Kc4 70. Qa8
Kd4 71. Qc6 e4 72. Qxd6 e3 73. Qe5+ Kd3 74. Kf4 e2 75. Kf3 1-0

[Event "Open - 7 Day"]
[Site "Philadelphia"]
[Date "2001.07.05"]
[Round "4"]
[White "Ritvin, Stanislav"]
[Black "Vyas, S ** USCF EXPIRED!!."]
[Result "1-0"]
[WhiteElo "2310"]
[BlackElo "2215"]
[PlyCount "54"]
[EventDate "2001.07"]

1. e4 c5 2. Nf3 d6 3. d4 cxd4 4. Nxd4 Nf6 5. Nc3 g6 6. Be3 Bg7 7. f3 O-O 8. Qd2
Nc6 9. Bc4 Bd7 10. O-O-O Qa5 11. h4 Rfc8 12. Bb3 Ne5 13. g4 Nc4 14. Bxc4 Rxc4
15. Nb3 Qa6 16. h5 Rac8 17. hxg6 fxg6 18. e5 Rxc3 19. bxc3 Ne8 20. Kb1 Be6 21.
Qh2 dxe5 22. Qxh7+ Kf7 23. Bh6 Rxc3 24. Bxg7 Nxg7 25. Rd8 Bxb3 26. axb3 Rxc2
27. Qg8+ Kf6 1-0

[Event "Open - 7 Day"]
[Site "Philadelphia"]
[Date "2001.07.05"]
[Round "4"]
[White "Rust, Larry"]
[Black "Solon, Nathan W"]
[Result "0-1"]
[WhiteElo "1875"]
[BlackElo "2219"]
[PlyCount "58"]
[EventDate "2001.07"]

1. e4 c5 2. Nf3 d6 3. d4 cxd4 4. Nxd4 Nf6 5. Nc3 g6 6. Be3 Bg7 7. f3 O-O 8. Qd2
Nc6 9. Bc4 Bd7 10. O-O-O Rc8 11. Bb3 Ne5 12. g4 Nc4 13. Bxc4 Rxc4 14. h4 Qa5
15. Nb3 Qa6 16. e5 Ne8 17. Nd5 Qxa2 18. Nxe7+ Kh8 19. f4 Qxb3 20. Kb1 Qb5 21.
h5 Bxg4 22. hxg6 fxg6 23. Rxh7+ Kxh7 24. Rh1+ Bh6 25. f5 Rxf5 26. Bxh6 Rh5 27.
Rxh5 Bxh5 28. Bf8 Ng7 29. Qxd6 Rf4 0-1

[Event "Open - 7 Day"]
[Site "Philadelphia"]
[Date "2001.07.05"]
[Round "4"]
[White "Simutowe, Amon"]
[Black "Nsubuga, Grace"]
[Result "1-0"]
[WhiteElo "2570"]
[BlackElo "2364"]
[PlyCount "109"]
[EventDate "2001.07"]

1. d4 Nf6 2. c4 e6 3. Nc3 Bb4 4. e3 c5 5. Nge2 O-O 6. a3 cxd4 7. axb4 dxc3 8.
Nxc3 d5 9. cxd5 exd5 10. b5 Be6 11. Be2 Nbd7 12. Ra4 Qc7 13. O-O Rfd8 14. Qd4
Qb6 15. f3 Qxd4 16. exd4 Nb6 17. Ra2 Ne8 18. Bf4 Nc8 19. Rfa1 b6 20. g4 Ned6
21. b3 Rb8 22. Rc2 Rb7 23. Na2 Ne8 24. Nb4 Ncd6 25. Nc6 Rdd7 26. Rca2 Nc8 27.
Kf2 h6 28. h4 Kf8 29. Bd3 Ned6 30. h5 f6 31. Nxa7 Rxa7 32. Bxd6+ Rxd6 33. Rxa7
Nxa7 34. Rxa7 Rd7 35. Ra8+ Ke7 36. Rb8 Rd6 37. Bg6 Rd7 38. Re8+ Kd6 39. Rxe6+
Kxe6 40. Bf5+ Kd6 41. Bxd7 Kxd7 42. Ke3 Kd6 43. Kf4 Ke6 44. b4 Ke7 45. Kf5 Kf7
46. f4 Ke7 47. Kg6 Kf8 48. g5 fxg5 49. fxg5 hxg5 50. Kxg5 Kg8 51. Kg6 Kh8 52.
Kf5 Kh7 53. Ke5 Kh6 54. Kxd5 Kxh5 55. Ke6 1-0

[Event "Open - 7 Day"]
[Site "Philadelphia"]
[Date "2001.07.05"]
[Round "4"]
[White "Solomon, Kenneth"]
[Black "Cherniack, Alexander"]
[Result "1-0"]
[WhiteElo "2390"]
[BlackElo "2293"]
[PlyCount "108"]
[EventDate "2001.07"]

1. d4 Nf6 2. c4 e6 3. Nc3 Bb4 4. Qc2 d6 5. a3 Bxc3+ 6. Qxc3 Nbd7 7. Bg5 h6 8.
Bh4 b6 9. e3 Bb7 10. f3 c5 11. dxc5 Nxc5 12. Bg3 e5 13. Rd1 Qe7 14. b4 Ne6 15.
Nh3 O-O 16. Be2 Rac8 17. O-O Rfd8 18. Qb2 Ng5 19. Nxg5 hxg5 20. Rd2 g4 21. Bh4
gxf3 22. gxf3 Qe6 23. e4 Rd7 24. Rfd1 Nh5 25. Bf1 g6 26. Bg3 Qf6 27. Qc3 Qg5
28. Kf2 Nxg3 $2 29. hxg3 f5 30. exf5 Qxf5 31. Rxd6 Rxd6 32. Rxd6 Rf8 33. Rd3 e4
34. Re3 g5 35. c5 bxc5 36. Qxc5 Qxc5 37. bxc5 Bc6 38. Be2 exf3 39. Bc4+ Kg7 40.
Re7+ Kg6 41. Rxa7 Kf5 42. Ra6 Rc8 43. g4+ Ke4 44. Rb6 Kd4 45. Bb5 Bd5 46. c6
Rc7 47. Rb8 Bxc6 48. Bxc6 Rxc6 49. Rb4+ Ke5 50. a4 Rc3 51. Kg3 Ra3 52. Rb5+ Ke4
53. Rxg5 Kd4 54. Ra5 Ra2 1-0

[Event "Open - 7 Day"]
[Site "Philadelphia"]
[Date "2001.07.05"]
[Round "4"]
[White "Wall, Brian"]
[Black "Popovych, Orest"]
[Result "0-1"]
[WhiteElo "2200"]
[BlackElo "2339"]
[PlyCount "78"]
[EventDate "2001.07"]

1. e4 c5 2. Nh3 d6 3. g4 Nc6 4. d3 e5 5. Nc3 a6 6. f4 Qh4+ 7. Nf2 Nf6 8. f5 h5
9. gxh5 Nd4 10. Be3 Bd7 11. Nb1 Bc6 12. Nd2 Nxf5 13. Qe2 Nxe3 14. Qxe3 Qxh5 15.
Be2 Qh6 16. Qf3 O-O-O 17. O-O-O Bd7 18. h4 Be6 19. h5 d5 20. Kb1 Kb8 21. Nf1
dxe4 22. dxe4 Rxd1+ 23. Bxd1 c4 24. Ne3 Bc5 25. Nfg4 Nxg4 26. Nxg4 Qg5 27. Nf2
Rd8 28. Be2 Rd2 29. Rd1 Rxd1+ 30. Nxd1 b5 31. a3 a5 32. Nc3 b4 33. axb4 axb4
34. Nd5 Qg1+ 35. Ka2 Qd4 36. c3 b3+ 37. Kb1 Qd2 38. Bd1 Bxd5 39. exd5 Be3 0-1

[Event "Open - 5 Day"]
[Site "Philadelphia"]
[Date "2001.07.06"]
[Round "4"]
[White "Ardaman, Miles F"]
[Black "Shivaji, Shivku"]
[Result "1-0"]
[WhiteElo "2387"]
[BlackElo "2211"]
[PlyCount "56"]
[EventDate "2001.07"]

1. g3 g6 2. Bg2 d5 3. f4 Bg7 4. d3 Nf6 5. Nf3 O-O 6. O-O Nc6 7. h3 Re8 8. d4
Ne4 9. Kh2 h5 10. c3 Bf6 11. Na3 Bf5 12. Nc2 Nd6 13. Nce1 Be4 14. Nd3 e6 15.
Nf2 Kg7 16. Nxe4 Nxe4 17. Qd3 Ne7 18. Ne5 Nf5 19. Bxe4 dxe4 20. Qxe4 h4 21.
gxh4 Bxh4 22. Qg2 Ng3 23. Nd3 Nh5 24. e4 Bf6 25. Be3 c5 26. Kg1 Be5 27. fxe5
cxd4 28. Rxf7+ Kxf7 1-0

[Event "Open - 2 Weekend"]
[Site "Philadephia"]
[Date "2001.07.01"]
[Round "4"]
[White "McCarthy, Brian"]
[Black "Karell, Leif"]
[Result "1/2-1/2"]
[WhiteElo "2259"]
[BlackElo "2087"]
[PlyCount "61"]
[EventDate "2001.07"]

1. d4 c6 2. e4 d5 3. exd5 cxd5 4. Bd3 Nf6 5. c3 Nc6 6. Bf4 Bg4 7. Qb3 Qd7 8.
Nd2 e6 9. Ngf3 Bd6 10. Bg3 Qc7 11. O-O O-O 12. Rfe1 Bxf3 13. Nxf3 Bxg3 14. hxg3
a6 15. Qc2 h6 16. Qe2 Nd7 17. Rac1 b5 18. Bb1 Rfe8 19. a4 Rab8 20. axb5 axb5
21. Bd3 Qb7 22. Ne5 Ncxe5 23. dxe5 Rec8 24. Ra1 Nc5 25. Bc2 b4 26. c4 Rd8 27.
cxd5 Rxd5 28. b3 Rbd8 29. Qc4 Nd3 30. Bxd3 Rxd3 31. Rab1 1/2-1/2

[Event "Open - 2 Weekend"]
[Site "Philadephia"]
[Date "2001.07.01"]
[Round "4"]
[White "Stripunsky, Alex"]
[Black "Baczynskyj, Boris"]
[Result "1-0"]
[WhiteElo "2661"]
[BlackElo "2300"]
[PlyCount "83"]
[EventDate "2001.07"]

1. e4 g6 2. d4 d6 3. Nc3 Bg7 4. Be3 Nd7 5. Nf3 a6 6. a4 b6 7. d5 Ngf6 8. Nd4
Bb7 9. Be2 Nc5 10. Bf3 e5 11. dxe6 fxe6 12. e5 Bxf3 13. Qxf3 dxe5 14. Qc6+ Kf7
15. Nf3 Re8 16. Rd1 Qe7 17. Nxe5+ Kg8 18. O-O Rad8 19. Bg5 Rd6 20. Qf3 Qf8 21.
a5 Nd5 22. Qxf8+ Kxf8 23. Nxd5 exd5 24. f4 bxa5 25. Ra1 a4 26. Bh4 Kg8 27. c3
Bxe5 28. fxe5 Rde6 29. Bg3 Rb8 30. c4 dxc4 31. Rf4 Rb4 32. Raf1 Re8 33. Be1
Rxb2 34. Rxc4 Rb5 35. Bc3 a3 36. Ra1 Nd3 37. h3 c5 38. Rxa3 Re6 39. Re4 Rb1+
40. Kh2 Rc1 41. Bd2 Rc2 42. Rxd3 1-0

[Event "Open - 5 Day"]
[Site "Philadelphia"]
[Date "2001.07.06"]
[Round "4"]
[White "Blanco, Cristobal"]
[Black "Ashley, Maurice A"]
[Result "0-1"]
[WhiteElo "2312"]
[BlackElo "2583"]
[PlyCount "138"]
[EventDate "2001.07"]

1. e4 c5 2. Nf3 d6 3. d4 cxd4 4. Nxd4 Nf6 5. Nc3 a6 6. g3 e5 7. Nde2 Nbd7 8.
Bg2 Be7 9. h3 b5 10. Be3 Bb7 11. g4 b4 12. Nd5 Nxd5 13. exd5 O-O 14. Qd2 a5 15.
a3 Qc7 16. axb4 axb4 17. O-O Ba6 18. Rfe1 Rfb8 19. Ra4 Bxe2 20. Rxa8 Rxa8 21.
Rxe2 Qb7 22. f4 exf4 23. Bxf4 Bf6 24. Kh2 Qb6 25. Re4 Rb8 26. Qe3 Qxe3 27. Rxe3
Be5 28. Bxe5 Nxe5 29. Rb3 Nd7 30. Bf1 Nc5 31. Re3 Kf8 32. Kg3 g5 33. h4 h6 34.
hxg5 hxg5 35. Bd3 Kg7 36. Bf5 Kf6 37. Rf3 Ke5 38. Bh7 Kxd5 39. Rxf7 Rb7 40.
Rf5+ Kd4 41. Bg8 Rg7 42. Bd5 Na4 43. Bb3 Nc5 44. Bd5 Ke3 45. Rf2 Re7 46. c3
bxc3 47. bxc3 Nd3 48. Rf6 Nf4 49. Rxd6 Rh7 50. Re6+ Nxe6 51. Bxe6 Re7 52. Bd5
Kd3 53. c4 Re3+ 54. Kf2 Kd4 55. Bf3 Ra3 56. Bd5 Ke5 57. Bc6 Kf4 58. Bd7 Rf3+
59. Kg2 Rd3 60. Bf5 Rd4 61. Be6 Rd6 62. Bd5 Kxg4 63. Kh2 Kf4 64. Kg2 Rb6 65.
Kf1 Rb2 66. Ba8 Kg3 67. Be4 g4 68. c5 Kh2 69. Ke1 g3 0-1

[Event "Open - 5 Day"]
[Site "Philadelphia"]
[Date "2001.07.06"]
[Round "4"]
[White "Boor, Carl B"]
[Black "Zaremba, Andrei A"]
[Result "0-1"]
[WhiteElo "2200"]
[BlackElo "2367"]
[PlyCount "32"]
[EventDate "2001.07"]

1. e4 c5 2. c3 Nf6 3. e5 Nd5 4. d4 d6 5. exd6 Qxd6 6. c4 Nf6 7. dxc5 Qxd1+ 8.
Kxd1 Na6 9. Bd3 Bg4+ 10. f3 O-O-O 11. Ke2 Nb4 12. fxg4 Nxd3 13. Nf3 Nxg4 14. h3
Ngf2 15. Rf1 Ne4 16. Be3 Ng3+ 0-1

[Event "Open - 5 Day"]
[Site "Philadelphia"]
[Date "2001.07.06"]
[Round "4"]
[White "De Fotis, Gary C"]
[Black "Whatley, Andrew W"]
[Result "0-1"]
[WhiteElo "2200"]
[BlackElo "2327"]
[PlyCount "110"]
[EventDate "2001.07"]

1. d4 d5 2. c4 c6 3. Nf3 Nf6 4. Nc3 a6 5. a4 e6 6. e3 Bb4 7. Bd3 Nbd7 8. O-O
O-O 9. Qb3 Ba5 10. Bd2 Rb8 11. Qa3 Re8 12. b4 Bc7 13. e4 dxe4 14. Nxe4 Nxe4 15.
Bxe4 e5 16. d5 cxd5 17. Bxd5 Nb6 18. Bg5 Qd7 19. Rfd1 Nxd5 20. Rxd5 Qe6 21.
Rad1 f6 22. Be3 Qf7 23. c5 Be6 24. R5d2 Rbd8 25. b5 Ba5 26. Rxd8 Rxd8 27. Rxd8+
Bxd8 28. bxa6 bxa6 29. Qd3 Qd7 30. Qxa6 Qd1+ 31. Qf1 Qxf1+ 32. Kxf1 Bb3 33. Ke2
Kf7 34. Kd3 Ke6 35. Kc3 Bxa4 36. Kc4 Kd7 37. Ne1 Bd1 38. f4 Ke6 39. fxe5 Kxe5
40. Bd4+ Ke4 41. Bf2 Be2+ 42. Kb4 Bf1 43. Bg1 f5 44. Ka4 g5 45. Kb4 h5 46. Ka4
f4 47. g3 f3 48. Bf2 Be2 49. Kb4 Bc7 50. Ka4 Be5 51. h4 gxh4 52. gxh4 Bd4 53.
Bxd4 Kxd4 54. c6 Bd1+ 55. Ka5 f2 0-1

[Event "Open - 5 Day"]
[Site "Philadelphia"]
[Date "2001.??.??"]
[Round "4"]
[White "Dejmek, Mark W"]
[Black "Kalikshteyn, Alexander"]
[Result "0-1"]
[WhiteElo "2154"]
[BlackElo "2366"]
[PlyCount "77"]
[EventDate "2001.07"]

1. e4 c5 2. Nf3 d6 3. d4 cxd4 4. Nxd4 Nf6 5. Nc3 g6 6. Be3 Bg7 7. f3 Nc6 8. Qd2
O-O 9. Bc4 Qa5 10. Bb3 Bd7 11. O-O-O Rfc8 12. h4 Ne5 13. Kb1 Nc4 14. Bxc4 Rxc4
15. Nb3 Qc7 16. g4 Rc8 17. h5 Bxg4 18. fxg4 Nxe4 19. Nxe4 Rxc2 20. hxg6 hxg6
21. Bd4 Rxd2 22. Rxd2 Qc6 23. Re1 e5 24. Na5 Qa6 25. Bc3 Rxc3 26. Nxc3 Qxa5 27.
Rxd6 e4 28. Rxe4 Bxc3 29. bxc3 Qxc3 30. Red4 b5 31. R6d5 a5 32. g5 a4 33. Rd3
Qb4+ 34. Ka1 a3 35. Rd8+ Kg7 36. Rg8+ Kxg8 37. Rd8+ Qf8 38. Rxf8+ Kxf8 39. Kb1
0-1

[Event "Open - 5 Day"]
[Site "Philadelphia"]
[Date "2001.??.??"]
[Round "4"]
[White "Delaune, Richard K"]
[Black "Traldi, Matthew"]
[Result "1-0"]
[WhiteElo "2385"]
[BlackElo "2262"]
[PlyCount "85"]
[EventDate "2001.07"]

1. c4 Nf6 2. Nc3 g6 3. e4 d6 4. d4 Bg7 5. f3 O-O 6. Bg5 c5 7. d5 e6 8. Qd2 Na6
9. Bd3 Nb4 10. Bb1 exd5 11. cxd5 Qe8 12. Nge2 b5 13. Bf4 Qd7 14. O-O Bb7 15.
Bh6 Ne8 16. g4 a5 17. Kh1 Kh8 18. Ng3 Rg8 19. Bxg7+ Rxg7 20. Rf2 Nc7 21. Nd1 a4
22. a3 Nba6 23. Ne3 Qe7 24. Ba2 c4 25. Re1 Nc5 26. Bb1 Ne8 27. f4 Nf6 28. Qd4
Re8 29. Ngf5 Nb3 $4 30. Qc3 gxf5 31. Nxf5 Qf8 32. Qxf6 Bxd5 33. Rd1 Be6 34.
Nxg7 Qxg7 35. Qxg7+ Kxg7 36. f5 Bc8 37. Rxd6 Nc5 38. Re2 Bb7 39. Kg1 Nxe4 40.
Rb6 Ba8 41. Bxe4 Bxe4 42. Rxb5 Kf6 43. h4 1-0

[Event "Open - 5 Day"]
[Site "Philadelphia"]
[Date "2001.07.06"]
[Round "4"]
[White "Dougherty, Michael"]
[Black "Fedorowicz, John P"]
[Result "1/2-1/2"]
[WhiteElo "2346"]
[BlackElo "2607"]
[PlyCount "72"]
[EventDate "2001.07"]

1. Nf3 Nf6 2. c4 g6 3. Nc3 Bg7 4. e4 d6 5. d4 O-O 6. Be2 e5 7. d5 a5 8. Bg5 h6
9. Bh4 Na6 10. Nd2 Qe8 11. O-O Nh7 12. a3 h5 13. f3 Bd7 14. b3 Bh6 15. Rb1 Be3+
16. Bf2 Bxf2+ 17. Rxf2 Nc5 18. b4 axb4 19. axb4 Na4 20. Nxa4 Rxa4 21. c5 Bb5
22. Bxb5 Qxb5 23. Qf1 Qxf1+ 24. Rfxf1 h4 25. Rfc1 Ra2 26. Nc4 h3 27. Rb2 Rxb2
28. Nxb2 Ra8 29. Nc4 Ra2 30. gxh3 Ng5 31. Rc3 Nxh3+ 32. Kf1 Ra1+ 33. Ke2 Ng1+ {
Diagram #} 34. Kd2 Ra2+ 35. Kd1 Ra1+ 36. Kd2 Ra2+ 1/2-1/2